000 01751nam2a2200325 4500
001 RU\NLR\bibl\1818403
005 20260407234428.0
010 _a978-5-901907-28-3
_91000
021 _aRU
_b2011-69752
_94935
035 _a(nilc)RSL-KNO-005021237
035 _a(NLR Aleph) 001808973
090 _a1844142
_c1844142
100 _a20110905d2011 |||y0rusy50 ca
101 0 _arus
102 _aRU
105 _aa zzzz|||||
200 1 _aАнализ информационного неравенства субъектов Российской Федерации
_fСовет при Президенте Рос. Федерации по развитию информ. о-ва
210 _d2011
_aБ. м.
215 _a353 с.
_cил.
320 _aБиблиогр.: с. 352-353 (23 назв.)
461 0 _1001RU\NLR\bibl\1336152
_12001#$aИндекс готовности регионов России к информационному обществу$v2009-2010
_9741915
_cМосква
_d2007
_fМ-во информ. технологий Рос. Федерации
_nИнститут развития информационного общества
_tИндекс готовности регионов России к информационному обществу
_v2009-2010
686 _aУ9(2)386.0-05
_2rubbk
686 _aЧ234(2)я3
_2rubbk
712 0 1 _4570
_aРоссийская Федерация
_bПрезидент
_c2008-2012; Д. А. Медведев
_bСовет по развитию информационного общества
_3RU\NLR\AUTH\8810161284
_9818456
801 0 _aRU
_bRuMoRKP
_c20110905
_grcr
801 1 _aRU
_bRuMoRGB
_c20110905
801 2 _aRU
_bNLR
_c20111010
_grcr
942 _cBOOK
980 _aNB